Statistics for Taylor Swift 40

Click here to take the quiz!

General Stats

  • This quiz has been taken 9 times
  • The average score is 385 of 405

Answer Stats

Answer% Correct
a
100%
all
100%
always
100%
and
100%
at
100%
baby
100%
back
100%
can't
100%
'cause
100%
did
100%
don't
100%
for
100%
forever
100%
he
100%
here
100%
here's
100%
I
100%
I'm
100%
in
100%
is
100%
it
100%
just
100%
knew
100%
like
100%
loved
100%
me
100%
never
100%
not
100%
nothing
100%
now
100%
of
100%
oh
100%
one
100%
said
100%
say
100%
so
100%
tell
100%
that
100%
the
100%
then
100%
there
100%
this
100%
to
100%
too
100%
up
100%
was
100%
we
100%
were
100%
what
100%
when
100%
where
100%
wrong
100%
you
100%
your
100%
you're
100%
almost
86%
anymore
86%
bedroom
86%
believe
86%
boy
86%
but
86%
called
86%
caught
86%
coming
86%
core
86%
cuts
86%
didn't
86%
door
86%
down
86%
everything
86%
eye
86%
eyes
86%
feel
86%
flashback
86%
forget
86%
going
86%
gone
86%
halfway
86%
happened
86%
hasn't
86%
hide
86%
honest
86%
into
86%
kidding
86%
little
86%
looked
86%
made
86%
night
86%
once
86%
onto
86%
out
86%
perfect
86%
phone
86%
please
86%
rains
86%
run
86%
scared
86%
second
86%
seems
86%
silence
86%
something
86%
still
86%
sure
86%
thing
86%
thought
86%
time
86%
told
86%
Tuesday
86%
upon
86%
way
86%
welcome
86%
breaking
71%
hold
71%
line
71%
low
71%
mean
71%
minute
71%
speak
71%
stare
71%
think
71%
yeah
71%

Score Distribution

Percentile by Number Answered

Percent of People with Each Score

Your Score History

You have not taken this quiz